| 000 | 00532nam a2200157 i 4500 | ||
|---|---|---|---|
| 001 | 100184 | ||
| 003 | ES-MaACL | ||
| 005 | 20230906182625.0 | ||
| 007 | t| | ||
| 008 | 050922q1953 sp ||||1| spa d | ||
| 100 | 1 |
_aMartos Martínez, Salvador. _978554 |
|
| 245 | 1 | 3 |
_aLa contribución sobre la renta en España y los "incrementos patrimoniales" _b: (Historial-Legislación-Comentarios) / _cSalvador Martos Martínez. |
| 260 |
_aMadrid : _bSopec, _c[1953?] |
||
| 300 |
_a63 p. ; _c18 cm. |
||
| 852 |
_aES-MaACL _j1906-F-14 _bR.34508 |
||
| 999 |
_c100184 _d100184 |
||